Responses for Show #4827 - Tuesday, September 13, 2005

David Madden game 16.

Contestants

[<< previous game]

Matthew Luter, a graduate student originally from Laurel, Mississippi

Jennifer Buermann, a construction manager from Jersey City, New Jersey

David Madden, a student originally from Ridgewood, New Jersey (whose 15-day cash winnings total $354,701)

[next game >>]

Jeopardy! Round responses

MEDITERRANEAN GEOGRAPHY
JOURNALISTS
FRUIT
"X" RATED
20th CENTURY POP CULTURE
THE SUPREMES
    $200 5
(Alex: Congratulations, you got 'em all.)
[Cheers and applause for David's run of the category]
(Alex: Made it a little difficult for Jennifer and Matthew, but it's very early.)

Turkey

David
    $200 21
Ben Bradlee

Jennifer
    $200 22
a kiwi

David
    $200 30
XML

Triple Stumper
    $200 29
(Alex: All right, he played [*], but Bob Newhart's show, yes.)

Bob Hartley (Bob Newhart accepted)

Jennifer
    $200 28
(David: Who is Ginsburg?)
...
(Matthew: 20th C--)
(Alex: And now, the last clue...)
(Matthew: 20th CENTURY POP for $200.)
[There were still two clues left on the board.]

Breyer

DavidMatthew
    $400 4
Etna

David
    $400 23
(Alex: ...Mike's son.)

Chris Wallace

Triple Stumper
    $400 26
Mt. Rainier

Matthew
    $400 19
the x-axis

David
    $400 12
"Free Bird"

David
    $400 27
(Hugo) Black

David
    $600 3
Tripoli

David
    $600 18
(Daniel) Pearl

Matthew
    $600 25
bananas

David
    $600 8
the X-15

Triple Stumper
    $600 11
Li'l Abner

Jennifer
    $600 17
Warren Burger

David
    $800 2
Majorca

David
    $800 9
(Seymour) Hersh

David
    $1,200 20
breadfruit

David
    $800 6
Xerxes

David
    $800 13
Sam Spade

David
    $800 14
John Marshall

Triple Stumper
    $1000 1
the Peloponnesus

David
    $1000 10
Slate

Matthew
    $1000 24
(David: What's a persimmon?)
...
(Alex: Less than a minute to go now, David, as you select.)

the Fuji

David
Triple Stumper
    $1000 7
the XYZ Affair

David
    $1000 16
Edward Everett Horton

Matthew
    $1000 15
Oliver Wendell Holmes

Matthew

Scores at the first commercial break (after clue 15):

David Jennifer Matthew
$6,800 $600 $2,000

Scores at the end of the Jeopardy! Round:

David Jennifer Matthew
$9,000 $1,000 $4,200

Double Jeopardy! Round responses

NOVEL CHARACTERS
MEL GIBSON: TORTURED THESPIAN
COMMUNITIES
MATH SYMBOLS
THE PRIME MINISTER OF INDIA
FROM THE GREEK
    $400 1
Rhett Butler

Matthew
    $400 10
bedroom

David
    $400 15
(David: What's function?)

sum

DavidJennifer
    $400 12
the United Kingdom

David
    $400 17
philosophy

Matthew
    $800 3
Dracula

Matthew
    $800 2
Lethal Weapon

Triple Stumper
    $800 13
a company town

Jennifer
    $800 16
a comma

David
    $800 11
New Delhi

Jennifer
    $800 26
athlete

Matthew
    $5,400 4
(Matthew: What is Roxana?)

Moll Flanders

Matthew
    $1200 21
Thunderdome

Matthew
    $1200 14
(Alex: It might slow to a [*] if it's near a [*] or in a [*].)

a kraal

Triple Stumper
    $1200 18
braces

Matthew
    $1200 8
Rajiv Gandhi

Matthew
    $1200 29
[The end-of-round signal sounds.]

Eureka

David
    $1600 5
Sister Carrie

David
    $1600 22
Conspiracy Theory

Triple Stumper
    $1600 25
a shtetl

David
    $1600 19
a ray

Matthew
    $1600 6
(Jennifer: What is Muslim?)

Sikhism

DavidJennifer
    $1600 23
(Alex: With a minute to go.)

cyan

Matthew
    $2000 9
The Return of the Native

David
    $2000 28
Payback

Triple Stumper
    $2000 27
[ERRATUM: The town of Frenchman's Bend makes its first appearance in 1931's "Sanctuary", while The Hamlet was published in 1940.]

a hamlet

Matthew
    $2000 20
a radical

Matthew
    $3,800 7
(Alex: ...his daughter, Indira Gandhi.)

(Jawaharlal) Nehru

David
    $2000 24
(Matthew: What is Bethany?)
...
(Alex: The name we're going for is, duh, [*]. Matthew, back to you.)
(Matthew: Thanks.)

Tiffany

Matthew
Triple Stumper

Scores at the end of the Double Jeopardy! Round:

David Jennifer Matthew
$22,000 $1,400 $10,000
(lock game)

[wagering suggestions for these scores]

Final Jeopardy! Round responses

THE MAP OF NORTH AMERICA
(Alex: David Madden, the champion. His response--"What is [*]?" And that province is...)
(David: Ontario.)
(Alex: Ontario, yeah. Ontario's like a Major League Baseball home run hitter. It touches 'em all.)
JenniferWhat is 2?
$1,400
MatthewWhat is 2
$7,000
DavidWhat is one?
$1,999
1

Final scores:

David Jennifer Matthew
$23,999 $0 $3,000
16-day champion: $378,700 3rd place: $1,000 2nd place: $2,000

Game dynamics:

Coryat scores:

David Jennifer Matthew
$19,800 $1,400 $15,400
25 R
(including 2 DDs),
3 W
6 R,
1 W
17 R,
2 W
(including 1 DD)

Combined Coryat: $36,600

[game clues] [game scores] [suggest correction]

Game tape date: 2005-07-20
The J! Archive is created by fans, for fans. Scraping, republication, monetization, and malicious use prohibited; this site may use cookies and collect identifying information. See terms. The Jeopardy! game show and all elements thereof, including but not limited to copyright and trademark thereto, are the property of Jeopardy Productions, Inc. and are protected under law. This website is not affiliated with, sponsored by, or operated by Jeopardy Productions, Inc. Join the discussion at JBoard.tv.